000 00618nam a2200193 a 4500
001 000226001
003 AM-YeHGA
005 20250617124447.0
008 030516s1975 ru |||||||||||||||||rus|d
040 _aAM-YeHGA
041 0 _arus
100 1 _aЗдравомыслов, Борис Викторович
245 1 0 _aДолжностные преступления :
_bПонятие и квалификация /
_cБ.В. Здравомыслов.
260 _aМосква :
_bЮрид. лит,
_c1975.
300 _a166 с.
650 1 4 _aУголовное право
942 _2udc
_cBK
090 _c80742
999 _c79475
_d79475